<?xml version="1.0" encoding="UTF-8"?>
<record
    xmlns:xsi="http://www.w3.org/2001/XMLSchema-instance"
    xsi:schemaLocation="http://www.loc.gov/MARC21/slim http://www.loc.gov/standards/marcxml/schema/MARC21slim.xsd"
    xmlns="http://www.loc.gov/MARC21/slim">

  <leader>01539nam a22002177a 4500</leader>
  <controlfield tag="003">BDDh-ASL</controlfield>
  <controlfield tag="005">20231015031139.0</controlfield>
  <controlfield tag="008">201028s2008    b  ||||| |||| 00| 0 b   d</controlfield>
  <datafield tag="040" ind1=" " ind2=" ">
    <subfield code="a">BDDh-ASL</subfield>
    <subfield code="c">BDDh-ASL</subfield>
  </datafield>
  <datafield tag="041" ind1=" " ind2=" ">
    <subfield code="a">ben</subfield>
  </datafield>
  <datafield tag="082" ind1=" " ind2=" ">
    <subfield code="a">370</subfield>
    <subfield code="b">MAB</subfield>
  </datafield>
  <datafield tag="100" ind1="1" ind2=" ">
    <subfield code="a">&#x986;&#x9B2;-&#x9AE;&#x9BE;&#x9B8;&#x9C1;&#x9AE;, &#x9AE;&#x9CB;. &#x986;&#x9AC;&#x9CD;&#x9A6;&#x9C1;&#x9B2;&#x9CD;&#x9B2;&#x9BE;&#x9B9;</subfield>
    <subfield code="c">&#x9A1;.</subfield>
    <subfield code="9">7268</subfield>
  </datafield>
  <datafield tag="245" ind1="1" ind2="0">
    <subfield code="a">&#x9AC;&#x9CD;&#x9B0;&#x9BF;&#x99F;&#x9BF;&#x9B6; &#x986;&#x9AE;&#x9B2;&#x9C7; &#x9AC;&#x9BE;&#x982;&#x9B2;&#x9BE;&#x9B0; &#x9AE;&#x9C1;&#x9B8;&#x9B2;&#x9BF;&#x9AE; &#x9B6;&#x9BF;&#x995;&#x9CD;&#x9B7;&#x9BE;:</subfield>
    <subfield code="b">&#x9B8;&#x9AE;&#x9B8;&#x9CD;&#x9AF;&#x9BE; &#x993; &#x9AA;&#x9CD;&#x9B0;&#x9B8;&#x9BE;&#x9B0; (&#x9E7;&#x9EE;&#x9ED;&#x9E7;-&#x9E7;&#x9EF;&#x9EA;&#x9E7;) /</subfield>
  </datafield>
  <datafield tag="246" ind1=" " ind2=" ">
    <subfield code="a">British Amale Banglar Muslim Shiksha: Samasya O Prasar. </subfield>
  </datafield>
  <datafield tag="260" ind1=" " ind2=" ">
    <subfield code="a">&#x9A2;&#x9BE;&#x995;&#x9BE;: </subfield>
    <subfield code="b">&#x9AC;&#x9BE;&#x982;&#x9B2;&#x9BE; &#x98F;&#x995;&#x9BE;&#x9A1;&#x9C7;&#x9AE;&#x9C0;,</subfield>
    <subfield code="c">&#x9E8;&#x9E6;&#x9E6;&#x9EE;&#x964; </subfield>
  </datafield>
  <datafield tag="300" ind1=" " ind2=" ">
    <subfield code="a">&#x9ED;&#x9ED;&#x9EC; &#x9AA;&#x9C3;&#x9B7;&#x9CD;&#x9A0;&#x9BE;: </subfield>
    <subfield code="c">&#x9E8;&#x9E8; &#x9B8;&#x9C7;.&#x9AE;&#x9BF;. </subfield>
    <subfield code="b">&#x9AE;&#x9CD;&#x9AF;&#x9BE;&#x9AA;;</subfield>
  </datafield>
  <datafield tag="504" ind1=" " ind2=" ">
    <subfield code="a">&#x997;&#x9CD;&#x9B0;&#x9A8;&#x9CD;&#x9A5;&#x9AA;&#x99E;&#x9CD;&#x99C;&#x9BF; &#x9B8;&#x982;&#x9AF;&#x9C1;&#x995;&#x9CD;&#x9A4; &#x964;</subfield>
  </datafield>
  <datafield tag="650" ind1=" " ind2="0">
    <subfield code="a">&#x9B6;&#x9BF;&#x995;&#x9CD;&#x9B7;&#x9BE;, Education, Education system, &#x9B6;&#x9BF;&#x995;&#x9CD;&#x9B7;&#x9BE; &#x9AC;&#x9CD;&#x9AF;&#x9AC;&#x9B8;&#x9CD;&#x9A5;&#x9BE;, &#x15A;ik&#x1E63;&#x101; byabasth&#x101;, Higher Education, &#x989;&#x99A;&#x9CD;&#x99A; &#x9B6;&#x9BF;&#x995;&#x9CD;&#x9B7;&#x9BE;, Ucca &#x15B;ik&#x1E63;&#x101;, &#x989;&#x9A8;&#x9CD;&#x9A8;&#x9A4; &#x9B6;&#x9BF;&#x995;&#x9CD;&#x9B7;&#x9BE;, Unnata &#x15B;ik&#x1E63;&#x101;, Advanced education, &#x9AA;&#x9CD;&#x9B0;&#x9BE;&#x9A5;&#x9AE;&#x9BF;&#x995; &#x9B6;&#x9BF;&#x995;&#x9CD;&#x9B7;&#x9BE;, Pr&#x101;thamika &#x15B;ik&#x1E63;&#x101;, Primary education, &#x989;&#x99A;&#x9CD;&#x99A; &#x9AE;&#x9BE;&#x9A7;&#x9CD;&#x9AF;&#x9AE;&#x9BF;&#x995; &#x9B6;&#x9BF;&#x995;&#x9CD;&#x9B7;&#x9BE;, Ucca m&#x101;dhyamika &#x15B;ik&#x1E63;&#x101;, Higher secondary education, &#x9AE;&#x9BE;&#x9A7;&#x9CD;&#x9AF;&#x9AE;&#x9BF;&#x995; &#x9B6;&#x9BF;&#x995;&#x9CD;&#x9B7;&#x9BE;, M&#x101;dhyamika &#x15B;ik&#x1E63;&#x101;, Secondary Education</subfield>
    <subfield code="x">Muslim Education (&#x9AE;&#x9C1;&#x9B8;&#x9B2;&#x9BF;&#x9AE; &#x9B6;&#x9BF;&#x995;&#x9CD;&#x9B7;&#x9BE;)</subfield>
    <subfield code="9">5904</subfield>
  </datafield>
  <datafield tag="650" ind1=" " ind2="0">
    <subfield code="a">History (&#x987;&#x9A4;&#x9BF;&#x9B9;&#x9BE;&#x9B8;)</subfield>
    <subfield code="9">4586</subfield>
  </datafield>
  <datafield tag="942" ind1=" " ind2=" ">
    <subfield code="2">ddc</subfield>
    <subfield code="c">BK</subfield>
  </datafield>
  <datafield tag="952" ind1=" " ind2=" ">
    <subfield code="0">0</subfield>
    <subfield code="1">0</subfield>
    <subfield code="2">ddc</subfield>
    <subfield code="4">0</subfield>
    <subfield code="7">0</subfield>
    <subfield code="8">NFIC</subfield>
    <subfield code="a">ASL</subfield>
    <subfield code="b">ASL</subfield>
    <subfield code="c">GEN</subfield>
    <subfield code="d">2023-02-12</subfield>
    <subfield code="e">Donated by Prof. Wakil Ahmed</subfield>
    <subfield code="l">0</subfield>
    <subfield code="o">370 MAB</subfield>
    <subfield code="p">118870</subfield>
    <subfield code="r">2023-02-12 00:00:00</subfield>
    <subfield code="t">C-1</subfield>
    <subfield code="w">2023-02-12</subfield>
    <subfield code="y">BK</subfield>
  </datafield>
  <datafield tag="999" ind1=" " ind2=" ">
    <subfield code="c">30451</subfield>
    <subfield code="d">30451</subfield>
  </datafield>
</record>
